<?xml version="1.0" encoding="UTF-8"?>
<record
    xmlns:xsi="http://www.w3.org/2001/XMLSchema-instance"
    xsi:schemaLocation="http://www.loc.gov/MARC21/slim http://www.loc.gov/standards/marcxml/schema/MARC21slim.xsd"
    xmlns="http://www.loc.gov/MARC21/slim">

  <leader>01655nam0a2200349 i 4500</leader>
  <controlfield tag="001">RU\NLR\BIBL_A\010474095</controlfield>
  <controlfield tag="005">20241114204357.0</controlfield>
  <datafield tag="010" ind1=" " ind2=" ">
    <subfield code="a">9785806418983</subfield>
    <subfield code="9">500</subfield>
  </datafield>
  <datafield tag="021" ind1=" " ind2=" ">
    <subfield code="a">RU</subfield>
    <subfield code="b">2014-55748</subfield>
    <subfield code="9">3365</subfield>
  </datafield>
  <datafield tag="035" ind1=" " ind2=" ">
    <subfield code="a">(NILC)RuMoRGB-007526895</subfield>
  </datafield>
  <datafield tag="035" ind1=" " ind2=" ">
    <subfield code="a">(NLR Aleph) 010474095</subfield>
  </datafield>
  <datafield tag="090" ind1=" " ind2=" ">
    <subfield code="a">10035075</subfield>
    <subfield code="c">10035075</subfield>
  </datafield>
  <datafield tag="100" ind1=" " ind2=" ">
    <subfield code="a">20141008d2013    u  y0rusy50      ca</subfield>
  </datafield>
  <datafield tag="101" ind1="0" ind2=" ">
    <subfield code="a">rus</subfield>
  </datafield>
  <datafield tag="102" ind1=" " ind2=" ">
    <subfield code="a">RU</subfield>
  </datafield>
  <datafield tag="105" ind1=" " ind2=" ">
    <subfield code="a">y|||j||||00yy</subfield>
  </datafield>
  <datafield tag="200" ind1="1" ind2=" ">
    <subfield code="a">&#x425;&#x438;&#x440;&#x443;&#x440;&#x433;&#x438;&#x447;&#x435;&#x441;&#x43A;&#x438;&#x435; &#x431;&#x43E;&#x43B;&#x435;&#x437;&#x43D;&#x438;. &#x41C;&#x435;&#x434;&#x438;&#x43A;&#x43E;-&#x441;&#x43E;&#x446;&#x438;&#x430;&#x43B;&#x44C;&#x43D;&#x430;&#x44F; &#x44D;&#x43A;&#x441;&#x43F;&#x435;&#x440;&#x442;&#x438;&#x437;&#x430; &#x438; &#x440;&#x435;&#x430;&#x431;&#x438;&#x43B;&#x438;&#x442;&#x430;&#x446;&#x438;&#x44F;</subfield>
    <subfield code="e">&#x440;&#x443;&#x43A;&#x43E;&#x432;&#x43E;&#x434;&#x441;&#x442;&#x432;&#x43E; &#x434;&#x43B;&#x44F; &#x432;&#x440;&#x430;&#x447;&#x435;&#x439;</subfield>
    <subfield code="f">[&#x420;. &#x422;. &#x421;&#x43A;&#x43B;&#x44F;&#x440;&#x435;&#x43D;&#x43A;&#x43E; &#x438; &#x434;&#x440;.]</subfield>
    <subfield code="g">&#x43F;&#x43E;&#x434; &#x440;&#x435;&#x434;. &#x43F;&#x440;&#x43E;&#x444;. &#x420;. &#x422;. &#x421;&#x43A;&#x43B;&#x44F;&#x440;&#x435;&#x43D;&#x43A;&#x43E;</subfield>
  </datafield>
  <datafield tag="210" ind1=" " ind2=" ">
    <subfield code="a">&#x421;&#x430;&#x43D;&#x43A;&#x442;-&#x41F;&#x435;&#x442;&#x435;&#x440;&#x431;&#x443;&#x440;&#x433;</subfield>
    <subfield code="c">&#x418;&#x437;&#x434;-&#x432;&#x43E; &#x420;&#x413;&#x41F;&#x423;</subfield>
    <subfield code="d">2013</subfield>
  </datafield>
  <datafield tag="215" ind1=" " ind2=" ">
    <subfield code="a">580 &#x441;.</subfield>
    <subfield code="d">21</subfield>
  </datafield>
  <datafield tag="320" ind1=" " ind2=" ">
    <subfield code="a">&#x411;&#x438;&#x431;&#x43B;&#x438;&#x43E;&#x433;&#x440;.: &#x441;. 572-576 (97 &#x43D;&#x430;&#x437;&#x432;.)</subfield>
  </datafield>
  <datafield tag="517" ind1="1" ind2=" ">
    <subfield code="a">&#x41C;&#x435;&#x434;&#x438;&#x43A;&#x43E;-&#x441;&#x43E;&#x446;&#x438;&#x430;&#x43B;&#x44C;&#x43D;&#x430;&#x44F; &#x44D;&#x43A;&#x441;&#x43F;&#x435;&#x440;&#x442;&#x438;&#x437;&#x430; &#x438; &#x440;&#x435;&#x430;&#x431;&#x438;&#x43B;&#x438;&#x442;&#x430;&#x446;&#x438;&#x44F;</subfield>
  </datafield>
  <datafield tag="606" ind1="1" ind2=" ">
    <subfield code="a">&#x425;&#x438;&#x440;&#x443;&#x440;&#x433;&#x438;&#x447;&#x435;&#x441;&#x43A;&#x438;&#x435; &#x431;&#x43E;&#x43B;&#x435;&#x437;&#x43D;&#x438;</subfield>
    <subfield code="j">&#x420;&#x443;&#x43A;&#x43E;&#x432;&#x43E;&#x434;&#x441;&#x442;&#x432;&#x430;, &#x43F;&#x43E;&#x441;&#x43E;&#x431;&#x438;&#x44F; &#x438; &#x442;.&#x43F;</subfield>
    <subfield code="x">&#x420;&#x435;&#x430;&#x431;&#x438;&#x43B;&#x438;&#x442;&#x430;&#x446;&#x438;&#x44F; &#x431;&#x43E;&#x43B;&#x44C;&#x43D;&#x44B;&#x445;</subfield>
    <subfield code="9">1994882</subfield>
    <subfield code="3">RU\NLR\AUTH\661201576</subfield>
  </datafield>
  <datafield tag="606" ind1=" " ind2=" ">
    <subfield code="a">&#x425;&#x438;&#x440;&#x443;&#x440;&#x433;&#x438;&#x447;&#x435;&#x441;&#x43A;&#x438;&#x435; &#x431;&#x43E;&#x43B;&#x435;&#x437;&#x43D;&#x438;</subfield>
    <subfield code="j">&#x420;&#x443;&#x43A;&#x43E;&#x432;&#x43E;&#x434;&#x441;&#x442;&#x432;&#x430;, &#x43F;&#x43E;&#x441;&#x43E;&#x431;&#x438;&#x44F; &#x438; &#x442;.&#x43F;</subfield>
    <subfield code="x">&#x41C;&#x435;&#x434;&#x438;&#x43A;&#x43E;-&#x441;&#x43E;&#x446;&#x438;&#x430;&#x43B;&#x44C;&#x43D;&#x430;&#x44F; &#x44D;&#x43A;&#x441;&#x43F;&#x435;&#x440;&#x442;&#x438;&#x437;&#x430;</subfield>
    <subfield code="9">2365199</subfield>
    <subfield code="3">RU\NLR\AUTH\661412088</subfield>
  </datafield>
  <datafield tag="686" ind1="1" ind2=" ">
    <subfield code="a">&#x420;11(2)339.45&#x44F;77</subfield>
  </datafield>
  <datafield tag="686" ind1="1" ind2=" ">
    <subfield code="a">&#x420;45-5&#x44F;77</subfield>
  </datafield>
  <datafield tag="702" ind1=" " ind2="1">
    <subfield code="a">&#x421;&#x43A;&#x43B;&#x44F;&#x440;&#x435;&#x43D;&#x43A;&#x43E;</subfield>
    <subfield code="b">&#x420;. &#x422;.</subfield>
    <subfield code="g">&#x420;&#x438;&#x43C;&#x43C;&#x430; &#x422;&#x438;&#x445;&#x43E;&#x43D;&#x43E;&#x432;&#x43D;&#x430;</subfield>
    <subfield code="4">220</subfield>
  </datafield>
  <datafield tag="801" ind1=" " ind2="0">
    <subfield code="a">RU</subfield>
    <subfield code="b">&#x420;&#x413;&#x411;</subfield>
    <subfield code="c">20140730</subfield>
    <subfield code="g">RCR</subfield>
  </datafield>
  <datafield tag="801" ind1=" " ind2="1">
    <subfield code="a">RU</subfield>
    <subfield code="b">&#x420;&#x413;&#x411;</subfield>
    <subfield code="c">20140730</subfield>
    <subfield code="2">rusmarc</subfield>
  </datafield>
  <datafield tag="942" ind1=" " ind2=" ">
    <subfield code="c">BOOK</subfield>
  </datafield>
  <datafield tag="980" ind1=" " ind2=" ">
    <subfield code="a">NBR</subfield>
  </datafield>
</record>
